[Event "4NCL 2021-22"]
[Site "England"]
[Date "2022.02.13"]
[Round "4.1"]
[White "Speelman, Jon S"]
[Black "Lupulescu, Constantin"]
[Result "1/2-1/2"]
[WhiteElo "2504"]
[BlackElo "2620"]
[Annotator "TA"]
[PlyCount "28"]
[EventDate "2021.11.27"]
[EventType "team-tourn"]
[EventCountry "ENG"]
[SourceTitle "playchess.com"]
[Source "ChessBase"]
[SourceQuality "1"]

{[%evp 12,28,14,0,2,0,0,0,0,0,8,0,18,18,35,27,35,14,6]} 1. d4 Nf6 2. Nf3 d5 3. c4 e6 {[%cal Be7e6,Be6d5,Bd5e4][%mdl 32]} 4. Nc3 Nbd7 {[%cal Bb8d7,Bd7f6,Bf6d5][%mdl 32]} 5. cxd5 exd5 6. Bf4 c6 7. h3 Ne4 {D35: Queen's Gambit Declined: Exchange Variation.} 8. Nxe4 dxe4 9. Nd2 Nf6 10. e3 Nd5 {[#]} 11. Bh2 $1 $146 {[%mdl 8] An important novelty.} ({Predecessor:} 11. Be5 f6 12. Bg3 Bb4 13. a3 Bxd2+ 14. Qxd2 O-O 15. Be2 Be6 16. O-O Qd7 17. Rfc1 {½-½ (37) Shankland,S (2731)-Vitiugov,N (2726) Prague 2019}) 11... Bf5 12. a3 Bd6 13. Bxd6 Qxd6 14. g4 Bg6 {Weighted Error Value: White=0.05 (flawless) /Black=0.03 (flawless)} 1/2-1/2

[Event "4NCL 2021-22"]
[Site "England"]
[Date "2022.02.13"]
[Round "4.2"]
[White "Parligras, Mircea-Emilian"]
[Black "Haria, Ravi"]
[Result "1/2-1/2"]
[WhiteElo "2575"]
[BlackElo "2490"]
[Annotator "TA"]
[PlyCount "59"]
[EventDate "2021.11.27"]
[EventType "team-tourn"]
[EventCountry "ENG"]
[SourceTitle "playchess.com"]
[Source "ChessBase"]
[SourceQuality "1"]

{[%evp 13,59,0,0,0,8,0,0,0,0,0,11,0,0,0,-4,-4,-4,-29,0,-58,-60,-86,11,8,50,-34,-31,-16,-17,-16,-18,-28,-6,-5,-8,-9,0,0,0,0,0,-17,6,6,10,0,0,0]} 1. d4 e6 2. c4 Nf6 3. Nf3 d5 4. Nc3 Bb4 5. e3 O-O 6. Bd2 b6 7. cxd5 exd5 8. Rc1 {E51: Nimzo-Indian: Rubinstein: 4...0-0 5 Nf3 d5.} Re8 9. Bd3 Bb7 10. O-O Bf8 11. Ne5 c5 12. f4 Nc6 13. Ne2 Rc8 14. Be1 Ne4 {[#]} 15. Bc3 $146 ({Predecessor:} 15. Bxe4 dxe4 16. Nxf7 Qd5 17. Ne5 Nxe5 18. dxe5 Qxa2 19. Bc3 Qd5 20. Qe1 b5 21. Rd1 {1-0 (45) Maghsoodloo,P (2701)-Firouzja,A (2804) Warsaw 2021}) 15... Ne7 16. Ng3 (16. dxc5 $11 Nf5 17. Bxe4 dxe4 18. c6 (18. Qb3 $2 Bd5 $19) 18... Bxc6 19. Nxc6 Rxc6 20. Nd4 Nxd4 21. Bxd4) 16... f6 $15 {aiming for ...cxd4.} 17. Nf3 {[#]} Qd7 (17... c4 $1 $17 {[%cal Rc4d3]} 18. Bc2 g6) 18. dxc5 $1 $11 {And now Bxe4 would win.} Nxc5 (18... Nxg3 $11 19. hxg3 bxc5) 19. Nd4 (19. Bc2 $1 $14) 19... Nxd3 $15 20. Qxd3 Nc6 21. Nxc6 Bxc6 ({Much worse is} 21... Qxc6 $6 22. Qd2 $15) 22. Qd2 Bb7 23. Bd4 {The position is equal.} Qg4 24. Qd1 Qxd1 25. Rfxd1 Ba6 26. Kf2 Kf7 27. Ne2 Bxe2 28. Kxe2 Ke6 29. g4 Bc5 30. Rc3 {Weighted Error Value: White=0.15 (very precise) /Black=0.13 (very precise)} 1/2-1/2

[Event "4NCL 2021-22"]
[Site "England"]
[Date "2022.02.13"]
[Round "4.3"]
[White "Tan, Justin"]
[Black "Jaracz, Pawel"]
[Result "1-0"]
[WhiteElo "2526"]
[BlackElo "2459"]
[Annotator "TA"]
[PlyCount "147"]
[EventDate "2021.11.27"]
[EventType "team-tourn"]
[EventCountry "ENG"]
[SourceTitle "playchess.com"]
[Source "ChessBase"]
[SourceQuality "1"]

{[%evp 10,147,20,10,25,20,35,16,43,33,42,36,27,21,35,25,21,14,17,0,15,0,32,33,14,6,37,32,40,34,24,29,35,0,58,64,95,91,202,218,205,107,130,49,117,106,93,100,112,96,116,45,59,60,35,0,16,5,3,18,30,0,19,8,54,44,67,46,190,190,179,131,127,139,128,125,157,185,172,174,152,108,195,192,193,181,393,403,427,396,487,480,472,473,460,451,443,387,389,384,356,378,381,403,384,373,572,394,436,476,668,594,1591,12843,1845,5075,29941,4966,29951,29955,29954,29953,29954,29951,29950,29953,29958,29950,29959,29961,29961,29957,29965,29965,29956,29957,29984,29985,29987,29988]} 1. e4 c6 2. d4 d5 3. e5 Bf5 4. Nd2 e6 5. Nb3 Nd7 6. Nf3 h6 {B12: Caro-Kann: Advance Variation.} 7. Be2 Qc7 8. O-O a6 {[#] The position is equal.} 9. Re1 $146 ({Predecessor:} 9. Be3 Ne7 10. a4 Bh7 11. Rc1 Nf5 12. a5 Bb4 13. Bd2 Be7 14. c4 dxc4 15. Bxc4 {1-0 (88) Brunello,M (2253)-Enkhtuul,A (2134) Maribor 2012}) 9... c5 10. dxc5 Bxc5 11. Nxc5 Nxc5 12. Nd4 Ne7 13. Bf1 O-O 14. h3 Rac8 15. c3 Qb6 16. a4 Bh7 17. Ra3 Nf5 18. a5 Qc7 19. Bf4 Nd7 20. Qd2 Nc5 21. g4 Nh4 (21... Nxd4 $11 22. Qxd4 Qe7) 22. f3 Qe7 23. Bg3 Rce8 (23... Nd7 $16 {is a better defense.}) 24. b4 $18 Nd7 25. Qf2 ({White should try} 25. f4 $1 $18) 25... Ng6 $16 26. Bxa6 {White is much more active.} Ngxe5 27. Bb5 {A strong pair of Bishops.} (27. Bxe5 $6 Nxe5 28. Rxe5 bxa6 $11) 27... Nd3 28. Bxd3 Bxd3 29. Qe3 $1 Bg6 30. a6 (30. Nb5 $1 $16) 30... bxa6 $14 31. Nc6 {Inhibits e5.} Qf6 {[%cal Oe6e5]} 32. Bd6 {Prevents e5.} e5 $1 33. Bxf8 {[%cal Oa3a6]} Qxc6 34. Bc5 $36 {[%mdl 2048] White has the initiative.} Re6 {[%cal Od5d4]} 35. Rd1 Rf6 36. Be7 {[%cal Bc5e7,Be7h4,Bh4e1][%mdl 32]} Rf4 (36... Re6 $11 37. Bh4 Bc2) 37. Bh4 (37. Rda1 $5 {[%cal Ra3a6]}) 37... Rc4 {[%cal Od5d4]} 38. Be1 (38. Qa7 $5 {[%cal Ra3a6]} Rxc3 39. Qxa6 $16 (39. Rxc3 Qxc3 40. Qxd7 Qxf3 $14)) 38... f6 (38... Kh7 $14) 39. Qa7 $18 d4 40. Rxa6 ({Don't take} 40. Qxa6 Qxf3 41. Qa8+ (41. Qxc4+ Kh7 $16) 41... Qxa8 42. Rxa8+ Kf7) (40. cxd4 $18 {Threatens to win with d5.} Bc2 41. Rda1 (41. Rxa6 Qxf3 42. Qa8+ Qxa8 $16)) 40... Qxf3 $16 {[%cal Og6e4]} 41. Qa8+ Qxa8 42. Rxa8+ Kh7 43. Rd8 Bc2 {[#]} 44. Ra1 Rc7 45. Ra6 ({White should play} 45. c4) 45... f5 (45... dxc3 $16 46. Bxc3 Bd3) 46. Rd6 $18 {[%csl LRd4,LRd7]} Ba4 {[#]} 47. Ra8 $1 ({Resist} 47. cxd4 $6 Rc1 $16) ({Stronger than} 47. gxf5 dxc3 48. Bxc3 Rxc3 $11) 47... dxc3 $2 (47... Bc6 {might work better.} 48. Ra5 fxg4) 48. Rxa4 {[%cal Oe1c3] Black must now prevent Bxc3!} c2 49. Bd2 c1=Q+ 50. Bxc1 Rxc1+ {[%mdl 4096] Endgame KRR-KRN} 51. Kg2 Rc2+ 52. Kf1 Nf6 53. gxf5 {Hoping for Ra7.} Ne4 54. Rd8 Ng3+ 55. Ke1 Nxf5 56. Rd5 Rb2 57. Rxe5 Kg6 (57... Nd6 $142 58. h4 Nc4) 58. Kd1 Kf6 59. Rc5 Rb3 (59... Nd4 $142 60. Ra6+ Kf7 61. Rc7+ Kg8) 60. b5 {Strongly threatening Ra6+.} Rxh3 61. Ra6+ Kg5 62. b6 {White wants to mate with Raa5.} Rb3 63. Raa5 Rxb6 64. Rxf5+ {White mates.} Kg6 65. Rfb5 Re6 66. Re5 Rb6 67. Ke2 Kh7 68. Kf3 Rb1 69. Ra7 Rb3+ 70. Re3 Rb5 71. Kg2 Rb2+ 72. Kh3 Rb8 73. Rg3 Rg8 74. Kh4 {Weighted Error Value: White=0.17 (very precise) /Black=0.36} 1-0

[Event "4NCL 2021-22"]
[Site "England"]
[Date "2022.02.13"]
[Round "4.4"]
[White "Bobras, Piotr"]
[Black "Sukandar, Irine Kharisma"]
[Result "1/2-1/2"]
[WhiteElo "2500"]
[BlackElo "2455"]
[Annotator "TA"]
[PlyCount "109"]
[EventDate "2021.11.27"]
[EventType "team-tourn"]
[EventCountry "ENG"]
[SourceTitle "playchess.com"]
[Source "ChessBase"]
[SourceQuality "1"]

{[%evp 19,109,14,20,11,16,7,27,18,17,8,15,12,27,25,27,15,70,10,41,0,0,0,47,-12,19,29,27,32,57,46,47,54,49,0,0,-19,-27,-31,77,33,26,35,24,23,80,83,125,85,93,0,8,0,37,34,37,35,52,42,40,38,49,52,95,112,140,145,137,115,144,119,148,107,109,108,147,14,15,13,21,19,23,14,21,0,0,0,0,0,0,0,0,0]} 1. e4 e5 2. Nf3 Nc6 3. Bb5 {[%cal Bf1b5,Bb5a4,Ba4b3][%mdl 32]} a6 4. Ba4 Nf6 5. O-O Be7 6. Re1 b5 7. Bb3 O-O 8. a4 b4 9. d3 d6 10. a5 Be6 11. Bxe6 $1 {[%mdl 4] is recently more successful than 11.Nbd2. C88: Closed Ruy Lopez: Anti-Marshall Systems.} fxe6 12. Nbd2 Rb8 13. c3 {White has an edge.} Rb5 14. d4 bxc3 15. bxc3 exd4 (15... Nxa5 $2 16. c4 Nxc4 17. Nxc4 $18) 16. cxd4 Nxa5 (16... Rxa5 17. Rxa5 Nxa5 18. Qa4 $16) 17. Qc2 {[#]} Nd7 $146 (17... Qd7 $11) ({Predecessor:} 17... Qd7 18. Ra4 Rfb8 19. Ba3 Ne8 20. Qa2 Nb3 21. Rxa6 Nxd2 22. Nxd2 R5b6 23. Ra7 R6b7 24. Rxb7 Rxb7 {1-0 (43) Nakamura,H (2745)-Melkumyan,H (2650) Douglas 2019}) 18. Nc4 (18. Qa2 $1 $14) 18... Nc6 {[%cal Of8f3]} 19. Na3 (19. Rxa6 $14 Nb4 20. Qb3) 19... Rb6 $1 $11 {[%cal Of8f3]} 20. Qc4 Kh8 (20... Rxf3 $1 $11 {was preferrable.} 21. gxf3 Nxd4 22. Qxd4 Bf6) 21. Be3 (21. Nc2 $1 $14) 21... d5 (21... Nb4 $5 {[%cal Rd6d5]}) 22. exd5 exd5 23. Qxd5 Nb4 24. Qb3 Qa8 $1 25. Bd2 {Strongly threatening Nc4.} Nd5 26. Qa4 (26. Qd3 $14 {feels stronger.}) 26... Rg6 27. Qxd7 Rxf3 28. Nc4 {[%cal Ba3c4,Bc4e5,Be5c6][%mdl 32] [#] aiming for g3.} Rf8 {[#]} (28... Nf6 $1 $15 {stays ahead.} 29. Qxe7 Rxf2 $1 30. Kxf2 Rxg2+ 31. Ke3 Nd5+ 32. Kd3 Nxe7 33. Rxe7 h6) 29. g3 (29. Qh3 $1 $16) 29... Rgf6 $14 30. Re2 Bb4 31. Ne5 ({Wrong is} 31. Bxb4 $2 {[#]} Nf4 $1 {[%mdl 512]} 32. d5 Nxe2+ 33. Kg2 Rd8 $19) 31... Bxd2 (31... Bc3 $11 {remains equal.} 32. Bxc3 Nxc3) 32. Rxd2 $16 Nc3 (32... Qb7 $142) 33. Rc1 Nb5 ({Weaker is} 33... Qe4 34. Qg4 $16) 34. Rc6 {Active counter play!} (34. Qg4 $16) 34... Rd8 $132 {[%mdl 2048] Black puts up resistance} 35. Qe7 Rxc6 36. Nxc6 ({Of course not} 36. Nf7+ Kg8 37. Qxd8+ Qxd8 38. Nxd8 Rd6 $15) 36... Re8 37. Qd7 Re1+ 38. Kg2 Qe8 39. Qxe8+ Rxe8 $14 {[%mdl 4096] Endgame KRN-KRN} 40. Ra2 h6 (40... Ra8 $14 {might be stronger.}) 41. Rxa6 $16 Re2 42. Ra5 Nc3 43. h4 Kh7 44. Rf5 Re6 45. Ne5 ({White should play} 45. Rc5 Ne4 46. Rc2) 45... Ne2 46. d5 Re7 47. f4 ({Better is} 47. Nc6 $16 Rd7 48. Re5) 47... Nc3 $11 48. Ng4 Kg6 $1 49. Rf8 {Hoping for f5+.} Nxd5 50. Ne5+ Kh7 {The position is equal.} 51. h5 {White threatens Ng6 and mate.} Nf6 $1 52. g4 Re8 53. Rf7 Kg8 {[%cal Oe8e5] White must now prevent ...Rxe5!} 54. Rxc7 Nd5 {[%csl LRc7,LRf4]} 55. Rc5 {Weighted Error Value: White=0.22 (precise) /Black=0.17 (very precise)} 1/2-1/2

[Event "4NCL 2021-22"]
[Site "England"]
[Date "2022.02.13"]
[Round "4.5"]
[White "Harvey, Marcus R"]
[Black "Cyborowski, Lukasz"]
[Result "0-1"]
[WhiteElo "2464"]
[BlackElo "2494"]
[Annotator "TA"]
[PlyCount "84"]
[EventDate "2021.11.27"]
[EventType "team-tourn"]
[EventCountry "ENG"]
[SourceTitle "playchess.com"]
[Source "ChessBase"]
[SourceQuality "1"]

{[%evp 17,84,22,24,0,19,21,7,4,0,-10,1,12,6,-5,-8,-7,0,-23,-21,-6,15,-22,-23,-71,-89,-179,-192,-269,-257,-241,-240,-291,-218,-217,-215,-208,-219,-199,-198,-258,-272,-277,-275,-268,-268,-363,-352,-346,-336,-492,-483,-482,-471,-455,-409,-468,-441,-604,-583,-1171,-1115,-1704,-1570,-7175,-6291,-12837,-12838,-12842,-12832]} 1. c4 e6 2. Nf3 Nf6 3. b3 b6 4. g3 Bb7 5. Bg2 Be7 6. Bb2 O-O 7. O-O d5 8. cxd5 Nxd5 9. d4 Nd7 10. Nbd2 {A14: English Opening: 1...e6 with b3 by White.} N5f6 11. Rc1 Rc8 {[#]} 12. Rc2 $146 {The position is equal.} ({Predecessor:} 12. Nc4 c5 13. e3 Rc7 14. Qe2 Qa8 15. dxc5 Nxc5 16. b4 Na6 17. a3 Rcc8 18. Nce5 Nb8 19. Rfd1 Bd5 20. b5 Qb7 21. Ne1 Bxg2 22. Nxg2 Rxc1 23. Rxc1 Rc8 24. Rxc8+ Qxc8 25. Nf3 {½-½ (25) Ftacnik,L (2521)-Kovacs,G (2457) Austria 2019}) 12... c5 13. Qc1 b5 14. dxc5 Bxc5 15. Bd4 {[%cal Rd4c5]} Qb6 16. Bxc5 Nxc5 {[%cal Bd7c5,Bc5e4,Be4c3,Bc3e2][%mdl 32]} 17. Ne5 {And now Bxb7 would win.} Bxg2 18. Kxg2 Qb7+ 19. Ndf3 Nce4 20. Rd1 (20. a3 $11) 20... Nd5 $1 $17 {White is on the road to losing.} 21. Rd4 {[#]} (21. a3 $17) 21... Nec3 $1 $19 {[%cal Oc3e2]} 22. Rh4 {[#]} (22. Rdd2 {might work better.}) 22... f6 $1 23. Ng4 {[%cal Og4h6] [#]} Nxe2 $1 {[%mdl 512]} 24. Qb1 {Rxc8 is the strong threat.} (24. Qd2 Nec3) 24... Rxc2 ({And not} 24... Ndc3 25. Rxc3 Rxc3 26. Qxh7+ Kf7 27. Nh6+ Ke8 28. Qe4 Qxe4 29. Rxe4 $19) 25. Qxc2 {[#]} Ndf4+ {[%mdl 512]} 26. gxf4 {[#]} Qxf3+ $1 {[%mdl 576] Remove Defender, Decoy} 27. Kxf3 Nd4+ 28. Ke4 (28. Kg2 $142 Nxc2 29. Rh5) 28... Nxc2 {[%mdl 4096] Endgame KRN-KRN} 29. Ne3 Rc8 30. f5 Nxe3 31. fxe3 exf5+ 32. Kxf5 {KR-KR} Rc5+ 33. Ke6 (33. Kg4 $142 Rc2 34. a4) 33... Re5+ 34. Kd6 Rxe3 35. Kc6 Re5 36. Rd4 a5 {Black is clearly winning.} 37. Rd7 b4 38. Kb6 f5 {[%cal Bf6f5,Bf5f4,Bf4f3][%mdl 32] Threatens to win with ...f4.} 39. Kc6 f4 {White must now prevent ...f3.} 40. Rd4 Rf5 {Strongly threatening ...f3.} 41. Kd6 f3 42. Ke7 g6 {Weighted Error Value: White=0.95/Black=0.05 (flawless)} 0-1

[Event "4NCL 2021-22"]
[Site "England"]
[Date "2022.02.13"]
[Round "4.6"]
[White "Galyas, Miklos"]
[Black "Czopor, Maciej"]
[Result "0-1"]
[WhiteElo "2468"]
[BlackElo "2416"]
[Annotator "TA"]
[PlyCount "132"]
[EventDate "2021.11.27"]
[EventType "team-tourn"]
[EventCountry "ENG"]
[SourceTitle "playchess.com"]
[Source "ChessBase"]
[SourceQuality "1"]

{[%evp 11,131,16,0,11,21,14,29,21,17,6,17,13,30,6,14,0,0,-6,0,0,0,0,0,-10,-6,-50,-45,-27,-22,-35,-14,-21,-12,-43,0,0,0,-18,-18,-70,-75,-78,-76,-64,-64,-65,-58,-57,-59,-168,-168,-171,-169,-166,-168,-216,-149,-171,-153,-195,-176,-203,-33,-207,0,-207,-204,-204,-203,-218,-218,-212,-214,-195,-188,-12845,-12844,-12845,-12848,-12841,-12844,-12848,-12836,-5097,-1842,-29974,-29975,-29974,-1309,-29976,-29977,-29977,-29978,-29977,-29977,-29978,-29979,-29979,-29980,-29980,-29981,-29980,-167,-163,-138,-138,-145,-145,-121,-156,-108,-29993,-29994,-29994,-29995,-29996,-29997,-29997,-29998,-29998,-29999,-29999]} 1. c4 Nf6 2. g3 e6 3. Bg2 d5 4. Nf3 d4 5. O-O c5 6. d3 Nc6 7. e3 {A09: Réti Opening: 1 Nf3 d5 2 c4.} Bd6 8. exd4 cxd4 9. a3 {White has an edge.} a5 (9... a6 {with more complications.} 10. b4 e5 11. Re1 O-O 12. Nbd2 Re8) 10. Bg5 h6 11. Bxf6 Qxf6 12. Nbd2 {[%cal Bb1d2,Bd2e4,Be4f2,Bf2g4,Bg4e5][%mdl 32]} Qe7 13. Re1 O-O 14. Rc1 {now scores much better than the old 14.Nb3.} Rd8 15. Ne4 Bc7 16. c5 Bd7 17. Qe2 a4 18. Nfd2 (18. Rc2 $11) 18... Na5 $15 19. f4 {[#]} Bb5 $146 ({Predecessor:} 19... Bc6 20. Qh5 Qd7 21. Re2 Bb5 22. Nf2 f5 23. Rce1 Re8 24. Nf3 Nc6 25. Nh4 Qf7 26. Bf3 Ba5 {½-½ (26) Gabuzyan,H (2556)-Huschenbeth,N (2590) Rockville 2018}) 20. Nf2 {[%cal Of4f5]} g6 21. Ng4 Kg7 22. Ne5 Ra6 (22... Rac8 $1 $15 {might be stronger.}) 23. Rc2 $11 Bb8 24. h4 h5 25. Rec1 (25. Ne4 $11) 25... Nb3 $15 26. Nxb3 axb3 27. Rd2 Rc8 28. Rdd1 Rxc5 29. Rxc5 Qxc5 30. Bxb7 ({White should try} 30. Qe1 $1 $15) 30... Ra7 $19 31. Bf3 Bxe5 32. fxe5 Rc7 33. Rd2 (33. Qe1 $142) 33... Qc1+ 34. Qd1 {[#]} Ba4 $1 35. Qxc1 (35. Kf2 $17) 35... Rxc1+ $17 {[%mdl 4096] Endgame KRB-KRB} 36. Bd1 Rc2 $2 37. Rf2 $2 (37. Re2 $1 $15) 37... Rc1 38. Rd2 g5 39. hxg5 Kg6 40. Kf2 Kxg5 41. Ke1 Bc6 {White must now prevent ...Bf3.} 42. Kf2 {Prevents Bf3.} Bd5 43. Bf3 $2 (43. a4) 43... Rc2 $19 44. Re2 Bxf3 45. Kxf3 {[#]} Rxe2 $1 ({And not} 45... Kf5 46. a4 $19) 46. Kxe2 {KP-KP} Kf5 47. Kf3 Kxe5 {Threatens to win with ...Kd5.} 48. g4 hxg4+ 49. Kxg4 f6 (49... Kd5 $142 50. a4 Kc5 51. Kf4 Kb4 52. Kf3 Kxa4 53. Ke4 Kb4 54. Ke5 Kc5 55. Ke4 f6 56. Kf4 e5+ 57. Kf3 f5 58. Ke2 e4 59. dxe4 fxe4 60. Kf2 d3 61. Ke3 Kd5 62. Kd2 Kd4 63. Kd1 e3 64. Kc1 Ke4 65. Kd1 Kf3 66. Ke1 Kg2 67. Kd1 Kf1 68. Kc1 Ke1 69. Kb1 d2 70. Ka1 d1=Q#) 50. Kf3 Kd6 51. Kf4 e5+ 52. Kg4 Ke6 53. Kg3 f5 54. Kf3 Kd5 55. Ke2 e4 56. Kd2 e3+ $2 (56... exd3 {mates} 57. a4 f4 58. Kxd3 f3 59. a5 Kc5 60. Kd2 Kb5 61. Kd3 Kxa5 62. Kd2 Ka4 63. Kd3 Kb4 64. Kd2 Kc4 65. Kd1 Kd3 66. Ke1 Ke3 67. Kf1 d3 68. Ke1 f2+ 69. Kf1 d2 70. Kg2 d1=Q 71. Kh3 f1=Q+ 72. Kh4 Qf4+ 73. Kh3 Qh1#) 57. Ke2 f4 {[%cal Bf5f4,Bf4f3][%mdl 32]} 58. Kf3 Ke6 59. Ke2 Ke5 60. Kf3 Kf5 (60... Kd6 $142 61. Ke2 Ke5) 61. Kg2 $2 {[%mdl 8192]} (61. Ke2 $17 Kg4 62. Ke1 Kg3 63. Kf1 f3 64. Ke1 Kg2 65. Kd1 f2 66. Ke2 f1=Q#) 61... Kg4 {Black mates.} 62. a4 f3+ 63. Kf1 Kg3 64. a5 f2 65. a6 Kf3 {[%csl Gf3][%cal Re3e2]} 66. a7 e2# {Weighted Error Value: White=0.51/Black=0.39} 0-1

[Event "4NCL 2021-22"]
[Site "England"]
[Date "2022.02.13"]
[Round "4.7"]
[White "McPhillips, Joseph"]
[Black "Kolbus, Dietmar"]
[Result "1/2-1/2"]
[WhiteElo "2413"]
[BlackElo "2305"]
[Annotator "TA"]
[PlyCount "76"]
[EventDate "2021.11.27"]
[EventType "team-tourn"]
[EventCountry "ENG"]
[SourceTitle "playchess.com"]
[Source "ChessBase"]
[SourceQuality "1"]

{[%evp 9,76,6,25,13,5,0,-3,-7,0,0,-23,-28,-11,-12,-24,-16,-23,-90,-31,-35,-29,-35,-35,-30,-22,-32,-18,-19,0,0,0,0,-10,-14,1,0,0,0,42,0,0,0,0,0,54,54,54,6,4,8,11,13,24,0,0,0,0,0,50,37,23,0,0,0,0,0,0,0,0]} 1. Nf3 d5 2. c4 c6 3. d4 Nf6 4. Nc3 g6 5. Bf4 Bg7 6. cxd5 {D92: Grünfeld: 4 Nf3 Bg7 5 Bf4.} Nxd5 {[#]} 7. Bd2 $146 ({Predecessor:} 7. Bg3 Qa5 8. Qb3 Nxc3 9. Qxc3 Qxc3+ 10. bxc3 b6 11. e3 Bd7 12. Bc4 c5 13. Ne5 Bxe5 14. Bxe5 {1-0 (56) Toala Velez,D (1139)-Acuna Alarcon,C (1206) Guayaquil 2022}) 7... O-O {[%cal Oc6c5]} 8. e4 Nxc3 9. bxc3 c5 {[%cal Rc5d4]} 10. d5 e6 11. Bc4 $1 b5 12. Bxb5 exd5 13. e5 (13. exd5 $11 {keeps the balance.} Qxd5 14. O-O) 13... Qc7 (13... a6 $17 14. Ba4 Bg4) 14. O-O $15 Bd7 15. Rb1 Bxb5 16. Rxb5 a6 17. Rb2 Nd7 {[%cal Bb8d7,Bd7b6,Bb6c4][%mdl 32]} 18. Bf4 Qc6 19. Rd2 Nb6 20. Re1 Rfe8 21. h4 Rad8 22. Qc1 Nc4 23. Rde2 {[%cal Oh4h5]} Rd7 (23... Re6 $11 {feels stronger.}) 24. h5 (24. Bh6 $14) 24... Rde7 $11 ({Much weaker is} 24... gxh5 25. Nd2 $15) 25. h6 Bh8 26. Qd1 f6 ({Black should play} 26... Re6 $11) 27. exf6 $14 Bxf6 28. Bg5 (28. Rxe7 $14 Rxe7 29. Bg5) 28... Rxe2 $11 29. Rxe2 Rxe2 30. Qxe2 {[#] Threatens to win with Bxf6.} Kf7 (30... Bxc3 31. Qe7 Qd6 32. Qe8+ Qf8 33. Qe6+ Qf7 34. Qc6 $18) 31. Bxf6 Qxf6 32. Qd1 Ke6 33. Qa4 $36 {[%mdl 2048] White is more active.} Nd6 (33... Qxc3 $11 34. Qe8+ (34. Qxa6+ Nd6 $11) 34... Kd6) 34. Qa5 Qf4 35. Qxc5 {[#] And now Nd4+ would win.} (35. Qxa6 $5 {[%cal Ra6e2]} Qc1+ 36. Qf1 Qxf1+ 37. Kxf1 $11) 35... Qc1+ {The position is equal.} 36. Kh2 Qxh6+ 37. Kg1 Qc1+ 38. Kh2 {aiming for Nd4+.} Qh6+ {Weighted Error Value: White=0.11 (very precise) /Black=0.10 (very precise)} 1/2-1/2

[Event "4NCL 2021-22"]
[Site "England"]
[Date "2022.02.13"]
[Round "4.8"]
[White "Terbe, Julianna"]
[Black "Hunt, Harriet V"]
[Result "1-0"]
[WhiteElo "2285"]
[BlackElo "2400"]
[Annotator "TA"]
[PlyCount "73"]
[EventDate "2021.11.27"]
[EventType "team-tourn"]
[EventCountry "ENG"]
[SourceTitle "playchess.com"]
[Source "ChessBase"]
[SourceQuality "1"]

{[%evp 14,73,22,19,26,18,37,37,40,24,36,34,29,26,28,6,12,8,25,25,20,0,25,21,117,78,77,87,68,0,19,9,14,0,0,0,0,0,24,0,0,0,184,184,151,170,178,115,132,147,206,147,259,239,283,273,607,433,29994,29995,29995,29996]} 1. d4 Nf6 2. Nf3 e6 3. Bf4 c5 4. e3 cxd4 5. exd4 b6 6. Nbd2 Bb7 7. Bd3 Be7 8. h3 O-O {A47: 1 d4 Nf6 2 Nf3 b6: Torre, London and Colle Systems.} 9. O-O d6 10. Re1 Nbd7 {White is slightly better.} 11. a4 {[%cal Ba2a4,Ba4a5][%mdl 32]} a6 12. Bh2 Re8 13. c3 Nf8 14. a5 b5 {[#]} 15. c4 $146 ({Predecessor:} 15. b3 Nd5 16. c4 Nb4 17. Bf1 Bc6 18. d5 exd5 19. cxb5 Bxb5 20. Bxb5 axb5 21. Nd4 Bf6 22. Rxe8 Qxe8 23. N2f3 Ne6 24. Rc1 Nxd4 25. Nxd4 Na2 26. Ra1 Nc3 {0-1 (26) Bern,I (2360)-Gausel,E (2490) Norway 1995}) 15... bxc4 16. Nxc4 Nd5 17. Qb3 Qd7 18. Nfd2 f5 {Prevents Ne4.} (18... Rab8 $11) 19. Rac1 Rab8 {[#]} 20. Qa3 $1 {[%cal Rh2d6] White is more active.} Red8 21. Rc2 (21. Nb6 $14 {might be stronger.} Nxb6 22. axb6) 21... Ba8 $11 22. Bf1 Ng6 23. Nf3 Bc6 24. Rcc1 Bb5 25. Ne3 Ngf4 26. Bc4 (26. Bxf4 $5 Nxf4 27. Nc4 Bxc4 28. Bxc4 $11) 26... Bxc4 27. Nxc4 Qb5 $2 (27... Ng6 $11) 28. Bxf4 $18 Nxf4 29. Qe3 g5 {[#]} 30. h4 (30. g3 $1 $18 {[%cal Rg3f4]} Nxh3+ 31. Kg2) 30... Rdc8 31. Nxg5 ({Much less strong is} 31. hxg5 e5 $16) 31... Bxg5 (31... e5 $16) 32. hxg5 Rxc4 (32... e5 $16) 33. Qxf4 Rxc1 34. Rxc1 $16 {KQR-KQR} ({But not} 34. Qxc1 $6 Re8 35. Qc7 Qb4 $18) 34... Qd5 (34... Qd7 35. Qh4 Rc8) 35. Rc7 {Qh4 would kill now.} Rxb2 (35... Qxa5 $18 36. Qxd6 Qe1+ 37. Kh2 Qe2) 36. Qh4 Rb1+ 37. Kh2 {Weighted Error Value: White=0.17 (very precise) /Black=0.55} 1-0